| 000 | 01004nam a2200253 a 4500 | ||
|---|---|---|---|
| 003 | BD-DhJNU | ||
| 005 | 20260113084054.0 | ||
| 008 | 251108s2023 bg |||g |||| 000 1|ben|d | ||
| 020 | _a9789391230777 | ||
| 040 |
_aBD-DhJNU _bben _cBD-DhJNU _dBD-DhJNU |
||
| 041 | _aben | ||
| 082 |
_a701.17 MIS _223 |
||
| 100 | _aমিত্র, হিরণ | ||
| 242 | 1 | 0 |
_aSocial work : _bconcept and theory / _cMd. Atiqur Rahman |
| 245 | 1 | 0 |
_aশিল্পের কথা শিল্পীর কথা / _cহিরণ মিত্র |
| 246 | _asomaj kormo dharona ebong totho. | ||
| 250 | _a1st ed. | ||
| 260 |
_aকলকাতা : _bতবুও প্রয়াস, _c2023. |
||
| 300 |
_a১৫৬ পৃ. : _bচিত্র ; _c২১ সেমি.। |
||
| 504 | _aগ্রন্থপঞ্জিগত নির্দেশিকা ও নিঘন্ট অন্তভূক্ত | ||
| 650 | _aশিল্পসমালোচনা | ||
| 650 | _aArt criticism | ||
| 942 | _cBK | ||
| 999 |
_c2525 _d2525 |
||